MARC

LEADER 00000nam1a2200000 4500
001 129983
005 20231031133747.0
035 |a (RuTPU)RU\TPU\book\140757 
090 |a 129983 
100 |a 20080130d2004 m y0rusy50 ca 
101 0 |a rus 
102 |a RU 
200 1 |a Гражданское право  |e учебное пособие: в 2 разделах  |f Э. Н. Камышев, С. Э. Камышева  |g Томский государственный университет систем управления и радиоэлектроники (ТУСУР) 
210 |a Томск  |c Томский межвузовский центр дистанционного образования  |d 2004 
610 1 |a труды учёных ТПУ 
700 1 |a Камышев  |b Э. Н.  |c российский ученый  |c профессор кафедры социологии, психологии и права ТПУ  |f 1943-  |g Эдуард Николаевич  |2 stltpush  |3 (RuTPU)RU\TPU\pers\19796 
701 1 |a Камышева  |b С. Э. 
712 0 2 |a Томский государственный университет систем управления и радиоэлектроники (ТУСУР)  |c (1997 - )  |2 stltpush  |3 (RuTPU)RU\TPU\col\422 
801 1 |a RU  |b 63413507  |c 20080130  |g PSBO 
801 2 |a RU  |b 63413507  |c 20120919  |g RCR 
942 |c BK